Normal view
MARC view
- Mojica, Clarisse H.
Entry Personal Name
001 - CONTROL NUMBER
- control field: 3500
003 - CONTROL NUMBER IDENTIFIER
- control field: URS
005 - DATE AND TIME OF LATEST TRANSACTION
- control field: 20230125131326.0
008 - FIXED-LENGTH DATA ELEMENTS
- fixed length control field: 230125|| aca||aabn | a|a d
040 ## - CATALOGING SOURCE
- Original cataloging agency: URS
100 ## - HEADING--PERSONAL NAME
- Personal name: Mojica, Clarisse H.
- Relator term: Author